| 000 | 00749nam0a22002411 4500 | ||
|---|---|---|---|
| 001 | rc\2630155 | ||
| 005 | 20260406122752.0 | ||
| 035 | _a(NLR Aleph) 006793633 | ||
| 090 |
_a6170054 _c6170054 |
||
| 100 | _a20110914d1931 |||y0rusy50 ca | ||
| 101 | 0 | _arus | |
| 102 | _aRU | ||
| 105 | _ay z ||||| | ||
| 200 | 1 |
_aНовые формы статотчетности _fВУК Госбанка |
|
| 210 |
_aХарьков _cБ. и. _d1931 |
||
| 215 |
_a44 с. _d22,5 см. |
||
| 300 | _aБез тит. л. | ||
| 710 | 0 | 1 |
_aСССР _bГосударственный банк _bУкраинская контора _3RU\NLR\AUTH\8815441 _9304075 |
| 801 | 0 |
_aRU _bNLR _gpsbo |
|
| 801 | 1 |
_aRU _bELAR _2rusmarc |
|
| 852 |
_aNLR _j31-11/752 |
||
| 942 | _cBOOK | ||
| 980 | _aNB | ||